Statistics for Island to Language

Click here to take the quiz!

General Stats

  • This quiz has been taken 506 times
    (505 since last reset)
  • The average score is 12 of 15

Answer Stats

IslandLanguage% Correct
Great BritainEnglish
100%
CubaSpanish
97%
IrelandEnglish
96%
BahrainArabic
95%
IcelandIcelandic
95%
HonshuJapanese
92%
HispaniolaSpanish
92%
CorsicaFrench
89%
JavaIndonesian
88%
TaiwanMandarin
85%
MadagascarMalagasy
83%
ZealandDanish
64%
SardiniaSardinian
64%
GreenlandGreenlandic
63%
Sri LankaSinhalese
46%

Score Distribution

Percentile by Number Answered

Percent of People with Each Score

Your Score History

You have not taken this quiz since the last reset